[Event "England 2"]
[Site "http://www.queenalice.com/game.php?id=269207"]
[Date "2007.9.9"]
[Round "-"]
[White "sue"]
[Black "GFB"]
[Result "0-1"]
[WhiteElo "1018"]
[BlackElo "1543"]

1. e4 e5 2. d3 Nc6 3. Be2 Nf6 4. Nf3 Bd6 5. Kf1 O-O 6. b3 a5 7. a4 b6 8. Ng5 h6
9. Nf3 Ba6 10. Ba3 Bxa3 11. Nxa3 d6 12. g3 Qd7 13. Kg2 Rab8 14. c3 g5 15. h4 g4
16. Nd2 h5 17. f3 Ne7 18. fxg4 Nxg4 19. Rf1 Ne3+ 20. Kf2 Nxd1+ 21. Rfxd1 f5 22.
Bxh5 fxe4+ 23. Ke2 Bxd3+ 24. Ke3 Nf5+ 25. Kf2 Ng7+ 26. Ke3 Qf5 27. Nxe4 Qxe4+
28. Kd2 Rf2+ 29. Kc1 Qe3+ 30. Rd2 Qxd2# 0-1

[Event "Challenge"]
[Site "http://www.queenalice.com/game.php?id=272225"]
[Date "2007.9.15"]
[Round "-"]
[White "samuelrmgs"]
[Black "sue"]
[Result "0-1"]
[WhiteElo "1205"]
[BlackElo "1034"]

1. e3 e5 2. Bb5 c6 3. Bc4 d6 4. Ne2 d5 5. Bd3 Qg5 6. h4 Qxg2 7. Rf1 Bg4 8. f3
Bh3 9. Ng1 Be6 10. Be2 Qg3+ 11. Rf2 Qxg1+ 12. Rf1 Qg3+ 13. Rf2 Qxh4 14. Bf1 Nf6
15. a4 Nbd7 16. a5 g5 17. a6 bxa6 18. Rxa6 Rc8 19. Rxa7 g4 20. Ra6 Nc5 21. Ra5
g3 22. Rg2 Ncd7 23. Na3 e4 24. Be2 Rb8 25. Ba6 Ne5 26. Nb5 cxb5 27. Rxb5 Rxb5
28. Bxb5+ Ke7 29. b3 Qh3 30. Rg1 Nh5 31. Ba3+ Kf6 32. f4 Ng6 33. Bb2+ Ke7 34.
Ba3+ Kf6 35. Qb1 Bxa3 36. Qa1+ Kf5 37. d3 exd3 38. cxd3 Bc5 39. e4+ dxe4 40.
dxe4+ Kxf4 41. Qc1+ Be3 42. Qc3 Bxg1 43. Qd2+ Be3 44. Qd3 Bc1 45. b4 Rb8 46. Ba4
Rxb4 47. Kd1 Bb2 48. Bc6 Qh1+ 49. Kc2 Ba1 50. Qd6+ Kg4 51. e5 Nhf4 52. Be8 Ne2
53. Bb5 Rxb5 54. Qc6 Rb4 55. Qc5 Ra4 56. Qb5 Ra2+ 57. Kd3 Bf5+ 58. Kc4 Be6+ 59.
Kc5 Ra7 60. Qxe2+ Kg5 61. Qe3+ Kh4 62. Qh6+ Kg4 63. Qxh1 Bc3 64. Qe4+ Kh3 65.
Qh1+ Kg4 66. Qxh7 Nxe5 67. Qg7+ Kh4 68. Qh6+ Kg4 69. Qg7+ Kf4 70. Qf6+ Ke4 71.
Kd6 Bb4# 0-1

[Event "Come on out and play Sue!"]
[Site "http://www.queenalice.com/game.php?id=278084"]
[Date "2007.9.28"]
[Round "-"]
[White "sue"]
[Black "upanchor"]
[Result "1/2-1/2"]
[WhiteElo "1049"]
[BlackElo "1164"]

1. e4 e5 2. f3 c6 3. b4 Bxb4 4. Ne2 c5 5. c3 Ba5 6. Ng3 Nc6 7. Na3 Nf6 8. Nf5 d5
9. Nxg7+ Kf8 10. Nh5 Nxh5 11. exd5 Ne7 12. Bd3 Nxd5 13. Kf1 Rg8 14. Qe2 Nhf4 15.
Qxe5 Ne6 16. Qe4 Ng5 17. Qe5 Be6 18. Rb1 Rc8 19. Nb5 Qb6 20. Na3 Qc6 21. Qg3 b5
22. Qh4 b4 23. cxb4 cxb4 24. Nc2 Qa4 25. Nd4 Qxa2 26. Ba6 Qc4+ 27. Kf2 Qd3 28.
g3 Qg6 29. f4 Ne4+ 30. Ke2 Bb6 31. Nb5 Bg4+ 32. Kd3 Rc5 33. Bb7 Rc3+ 34. Nxc3
Ndxc3 35. Rxb4 Nc5+ 36. Kc4 Ne2 37. Bb2 Qe4+ 38. Kb5 Nxb7 39. Rxe4 Bd7+ 40. Ka6
Rg6 41. Rxe2 Na5 42. Qxh7 Rg7 43. Qh5 Bg4 44. Ra1 Bxe2+ 45. Qxe2 Nb3 46. Rf1 Nd4
47. Qe5 f6 48. Qb8+ Kf7 49. Re1 Rg8 50. Qd6 Nf5 51. Qd7+ Kg6 52. h4 Rg7 53. Qe8+
Kh7 54. Bxf6 Kh6 55. Qh8+ Rh7 56. Qf8+ Rg7 57. g4 Kg6 58. Re6 Bc5 59. Qe8+ Kh7
60. g5 Rxg5 61. Bxg5 Kg7 62. Re7+ Bxe7 63. Bxe7 Nxe7 64. Qb5 Nc8 65. Qg5+ Kf7
66. h5 Nd6 67. h6 Ke6 68. h7 Nf7 69. Qh5 Ke7 70. h8=Q Nxh8 71. Qxh8 Kd7 72. Qb8
Kc6 73. f5 Kd7 74. f6 Ke6 75. Qf8 Kd7 76. f7 Kc6 77. Qb8 Kd7 78. f8=Q Ke6 79.
Qb5 1/2-1/2

[Event "Challenge"]
[Site "http://www.queenalice.com/game.php?id=286031"]
[Date "2007.10.13"]
[Round "-"]
[White "samuelrmgs"]
[Black "sue"]
[Result "1-0"]
[WhiteElo "1194"]
[BlackElo "1018"]

1. d4 d5 2. Bf4 Nc6 3. Nc3 Be6 4. Qd2 Nb4 5. O-O-O Qd6 6. Bxd6 Nxa2+ 7. Nxa2
cxd6 8. Qd3 g5 9. Qb5+ Kd8 10. Rd3 Nf6 11. Qa5+ Kd7 12. e3 Ng4 13. Be2 Nxf2 14.
Rc3 Nxh1 15. Bb5# 1-0

[Event "Challenge"]
[Site "http://www.queenalice.com/game.php?id=288824"]
[Date "2007.10.18"]
[Round "-"]
[White "sue"]
[Black "FENIX_RJ"]
[Result "0-1"]
[WhiteElo "1053"]
[BlackElo "1582"]

1. e4 e5 2. d3 Nf6 3. Be3 Bb4+ 4. Ke2 d6 5. Nf3 O-O 6. Nh4 Ng4 7. c3 Bc5 8. d4
Bb6 9. Nf3 exd4 10. cxd4 Bd7 11. Nc3 Ba5 12. h3 Nxe3 13. Kxe3 g5 14. g3 g4 15.
Nd2 Qc8 16. hxg4 Bxg4 17. f3 Bxf3 18. Qxf3 Nc6 19. Rh6 f5 20. exf5 Rxf5 21. Qe2
Qf8 22. Nc4 Qxh6+ 23. Kd3 Qg7 24. Qe6+ Qf7 25. Qe4 d5 26. Qh4 Re8 27. Bh3 Rf3+
28. Kd2 Rf2+ 29. Kd3 Qf3+ 30. Ne3 Qxe3# 0-1

[Event "Challenge"]
[Site "http://www.queenalice.com/game.php?id=292490"]
[Date "2007.10.24"]
[Round "-"]
[White "sue"]
[Black "Drica"]
[Result "0-1"]
[WhiteElo "1057"]
[BlackElo "1373"]

1. e4 Nf6 2. d3 c5 3. c4 Qa5+ 4. Ke2 g6 5. Nf3 b6 6. b4 cxb4 7. g3 Ng4 8. Bh3
Bg7 9. Nbd2 Nh6 10. a3 Bxa1 11. d4 bxa3 12. Nb3 Qb4 13. Nbd2 a2 14. e5 Nf5 15.
Ng5 Bxd4 16. g4 a1=Q 17. Nde4 Ba6 18. f3 Bxc4+ 19. Qd3 Bxd3+ 20. Kxd3 Na6 21.
Rf1 Rc8 22. Rd1 Qab1+ 23. Ke2 Rc2+ 24. Kd3 Q4b3+ 25. Nc3 Qxc3+ 26. Ke4 Rxc1+ 27.
Kf4 Bxe5# 0-1

[Event "Challenge"]
[Site "http://www.queenalice.com/game.php?id=292541"]
[Date "2007.10.25"]
[Round "-"]
[White "elidionisio10"]
[Black "sue"]
[Result "1-0"]
[WhiteElo "1829"]
[BlackElo "1055"]

1. e4 e5 2. Nf3 f6 3. Bc4 Nh6 4. Nc3 g6 5. d4 g5 6. O-O Nc6 7. d5 Ng4 8. dxc6
bxc6 9. Nxg5 Rb8 10. Nf7 Qe7 11. Nxh8 Rb4 12. b3 Rb6 13. Qxg4 h6 14. Qg6+ Kd8
15. Nf7+ Ke8 16. Nxh6+ Kd8 17. Nf7+ Ke8 18. Nxe5+ Kd8 19. Nf7+ Ke8 20. Nd6+ Kd8
21. Nxc8 Qb4 22. Nxb6 cxb6 23. Qxf6+ Ke8 24. Bf7# 1-0

[Event "Challenge"]
[Site "http://www.queenalice.com/game.php?id=293050"]
[Date "2007.10.25"]
[Round "-"]
[White "samuelrmgs"]
[Black "sue"]
[Result "0-1"]
[WhiteElo "1229"]
[BlackElo "1009"]

1. d4 d5 2. Bf4 Nc6 3. Nc3 Nf6 4. Qd2 g6 5. O-O-O Nb4 6. Na4 e6 7. Be5 Ne4 8.
Bxh8 Nxf2 9. Nf3 Nxh1 10. Nc3 Bd7 11. Ne5 h6 12. Nxd7 Qxd7 13. g4 Nxa2+ 14. Nxa2
Qa4 15. b3 Qxa2 16. Bf6 Qa1# 0-1

[Event "Challenge"]
[Site "http://www.queenalice.com/game.php?id=293501"]
[Date "2007.10.26"]
[Round "-"]
[White "theblackfox"]
[Black "sue"]
[Result "1-0"]
[WhiteElo "1512"]
[BlackElo "1057"]

1. e4 e5 2. Nf3 f6 3. Nc3 Nc6 4. d4 b6 5. Bc4 Nb4 6. dxe5 fxe5 7. Nxe5 Nh6 8.
Bxh6 Qf6 9. Bf7+ Ke7 10. Nd5+ Kd8 11. Nxf6 d6 12. Qd4 Nxc2+ 13. Ke2 gxh6 14. Qd5
Rb8 15. Nc6# 1-0

[Event "Challenge"]
[Site "http://www.queenalice.com/game.php?id=293502"]
[Date "2007.10.26"]
[Round "-"]
[White "theblackfox"]
[Black "sue"]
[Result "1-0"]
[WhiteElo "1586"]
[BlackElo "1055"]

1. e4 e5 2. Nf3 d6 3. Nc3 Nf6 4. Bc4 b6 5. Ng5 a5 6. Nxf7 Qd7 7. Nxh8 d5 8. exd5
g6 9. Bb5 c6 10. dxc6 Qg7 11. c7+ Nbd7 12. O-O Qxh8 13. Re1 g5 14. d4 h6 15.
dxe5 Ng8 16. e6 g4 17. exd7+ Kf7 18. d8=Q h5 19. Q8d5+ Kg7 20. Qxa8 h4 21. Qxc8
Nf6 22. Nd5 Nh5 23. Qd7+ Kg8 24. Q7xg4+ Kf7 25. Qdf3+ Nf6 26. Be8# 1-0

[Event "Challenge"]
[Site "http://www.queenalice.com/game.php?id=298050"]
[Date "2007.11.4"]
[Round "-"]
[White "sue"]
[Black "ROLAND"]
[Result "0-1"]
[WhiteElo "1054"]
[BlackElo "1452"]

1. e4 e5 2. Nf3 Nc6 3. Nc3 Nf6 4. g3 d6 5. Na4 Nxe4 6. d3 Nf6 7. c3 d5 8. h4 a6
9. Rg1 b5 10. Nxe5 Nxe5 11. d4 Ned7 12. g4 bxa4 13. Qxa4 Qe7+ 14. Kd1 Qd6 15. g5
Nh5 16. Bd3 Qh2 17. Rg4 Qxf2 18. b4 Qf3+ 19. Kc2 Qxg4 20. a3 Qg2+ 21. Kb3 Bb7
22. Be3 Qg3 23. c4 Qxe3 24. Kc3 Nf4 25. Rd1 Kd8 26. cxd5 Nxd3 27. Rxd3 Qf4 28.
Kb2 Qxh4 29. Qb3 Qxg5 30. Qd1 Be7 31. Qf3 Ke8 32. Rc3 Rc8 33. a4 Qd2+ 34. Kb3
Qxd4 35. a5 Qxd5+ 36. Kc2 Qxf3 37. Rc4 Be4+ 38. Kb2 Bf6+ 39. Ka2 Bd5 40. b5
Bxc4+ 41. Kb1 Qd1# 0-1

[Event "Challenge"]
[Site "http://www.queenalice.com/game.php?id=304931"]
[Date "2007.11.16"]
[Round "-"]
[White "sue"]
[Black "dida"]
[Result "1/2-1/2"]
[WhiteElo "1024"]
[BlackElo "1492"]

1. d4 d5 2. c3 Nc6 3. g3 h6 4. Nf3 Nf6 5. Na3 a6 6. b3 b5 7. b4 Ne4 8. h4 Nxc3
9. Qc2 Qd7 10. Qxc3 g6 11. Bg5 hxg5 12. Nxg5 f6 13. Nf3 Bb7 14. g4 Qxg4 15. Bh3
Qh5 16. Rg1 Bg7 17. Nc2 Bh6 18. a4 bxa4 19. Rxa4 Bf4 20. Be6 g5 21. hxg5 fxg5
22. b5 Bh2 23. Rg3 axb5 24. Ra3 Bxg3 25. Qb4 Nxb4 26. Rc3 Qh1+ 27. Kd2 Bxf2 28.
Nxb4 Qa1 29. Nxg5 Qe1+ 30. Kd3 Qxc3+ 31. Kxc3 Ra3+ 32. Kb2 Ra4 33. Nd3 Bxd4+ 34.
Kc2 Ra2+ 35. Kd1 Rh1+ 36. Ne1 Ra1+ 37. Kd2 Ra2+ 38. Kd1 Be3 39. Bf5 Bxg5 40. Bb1
Ra1 41. Kc2 Rxe1 42. Kb2 Raxb1+ 43. Kc2 Rbc1+ 44. Kb2 Rxe2+ 45. Kb3 Rec2 46. Kb4
c6 47. Ka5 Be3 48. Kb4 Bb6 49. Kb3 Rc3+ 50. Kb4 c5+ 51. Kxb5 Rb3+ 52. Ka4 c4
1/2-1/2

[Event "Challenge"]
[Site "http://www.queenalice.com/game.php?id=304968"]
[Date "2007.11.16"]
[Round "-"]
[White "sue"]
[Black "joaoreis001"]
[Result "0-1"]
[WhiteElo "1052"]
[BlackElo "1697"]

1. d4 d5 2. e3 Nf6 3. c3 g6 4. Bb5+ Nc6 5. Nf3 a6 6. Kf1 axb5 7. b4 Bg4 8. Na3
Na7 9. h3 Bxf3 10. gxf3 e6 11. Rg1 Bg7 12. e4 O-O 13. h4 h5 14. Bg5 Nc8 15. Nxb5
c6 16. Na3 Rxa3 17. Qc1 Ra7 18. exd5 Qxd5 19. a3 Qxf3 20. a4 Ne4 21. Rb1 Rxa4
22. Qc2 Nxc3 23. Rg3 Ra2 24. Qc1 Qxf2# 0-1

[Event "Challenge"]
[Site "http://www.queenalice.com/game.php?id=308708"]
[Date "2007.11.23"]
[Round "-"]
[White "sue"]
[Black "Kn30"]
[Result "0-1"]
[WhiteElo "1054"]
[BlackElo "1081"]

1. d4 e6 2. e3 Nf6 3. c3 Nc6 4. Nf3 Ne4 5. Bc4 Na5 6. b3 d5 7. Bb5+ c6 8. Ba4
Bd6 9. b4 Nc4 10. g4 O-O 11. g5 Nxc3 12. Nxc3 Bxb4 13. Bd2 Nb2 14. Qb1 Ba3 15.
Ne5 Qxg5 16. Nf3 Qg2 17. Rf1 Qxf3 18. Qc1 Nd3# 0-1

[Event "Challenge"]
[Site "http://www.queenalice.com/game.php?id=309775"]
[Date "2007.11.25"]
[Round "-"]
[White "joaohumberto"]
[Black "sue"]
[Result "1-0"]
[WhiteElo "1258"]
[BlackElo "1050"]

1. d4 d5 2. e3 e6 3. Nc3 c6 4. g3 Nf6 5. Bg2 Na6 6. Nge2 g5 7. h4 h6 8. hxg5 Ng4
9. f3 f5 10. fxg4 fxg4 11. g6 Qd7 12. Nf4 Be7 13. Qxg4 Nb4 14. Kd1 b6 15. g7 Ba6
16. Qg6+ Kd8 17. gxh8=Q+ Kc7 18. Qxa8 b5 19. Qxa7+ Kd6 20. Rxh6 Qxa7 21. Qxe6+
Kc7 22. Qxe7+ Kb6 23. Qc5+ Kc7 24. Rh7+ Kc8 25. Qxa7 Kd8 26. Qa8+ Bc8 27. Ne6+
Ke8 28. Qxc8# 1-0

[Event "Challenge"]
[Site "http://www.queenalice.com/game.php?id=310169"]
[Date "2007.11.26"]
[Round "-"]
[White "joaohumberto"]
[Black "sue"]
[Result "1-0"]
[WhiteElo "1315"]
[BlackElo "1029"]

1. d4 d5 2. e3 c6 3. Ne2 Na6 4. Bd2 Nf6 5. g3 e6 6. a3 h5 7. Nbc3 g6 8. Nf4 b6
9. Bg2 g5 10. Nfe2 b5 11. O-O Ng4 12. h3 Nf6 13. e4 dxe4 14. Nxe4 Nd5 15. Bxg5
Qd7 16. Nf4 Bg7 17. Nc5 Qd6 18. Re1 b4 19. Nxh5 Kf8 20. Qf3 Bxd4 21. Nxe6+ Bxe6
22. Bf6 Rh6 23. Bg7+ Ke7 24. Bxh6 Rh8 25. Bg7 Rh7 26. g4 bxa3 27. Bxd4 Ndb4 28.
Bf6+ Kd7 29. Rad1 Bd5 30. Qf5+ Kc7 31. Re7+ Kb6 32. Qxh7 Qc5 33. Bd4 Kb5 34.
Bxc5 Nxc5 35. Bf1+ Kb6 36. bxa3 Na2 37. Rb1+ Ka5 38. Rxa7+ Na6 39. Rxa6# 1-0

[Event "Challenge"]
[Site "http://www.queenalice.com/game.php?id=312060"]
[Date "2007.11.28"]
[Round "-"]
[White "sue"]
[Black "sdbrasil"]
[Result "0-1"]
[WhiteElo "1042"]
[BlackElo "1125"]

1. e4 e5 2. d3 Bb4+ 3. c3 Ba5 4. Na3 a6 5. Nc4 Bb6 6. b3 Qf6 7. Nf3 d6 8. g3 Bg4
9. Be2 Nc6 10. b4 O-O-O 11. h4 Nge7 12. Ba3 Qe6 13. Nfd2 f5 14. f4 exf4 15. gxf4
fxe4 16. dxe4 Be3 17. Qa4 Bxd2+ 18. Kxd2 Qxe4 19. Rag1 Bxe2 20. Rxg7 Qxh1 21. b5
Bxc4 22. Qxc4 Rhf8 23. bxa6 Qh2+ 24. Kd3 Rf6 25. Qa4 Rxf4 26. a7 Ne5+ 27. Ke3
Qg1+ 28. Kxf4 Qh2+ 29. Ke4 Qxh4+ 30. Rg4 Qxg4+ 31. Ke3 Qxa4 32. Bc1 Qxa7+ 33.
Ke4 Ng4 34. Kf4 Qa4+ 35. Kg5 Rg8+ 36. Kh5 Nf6+ 37. Kh6 Qh4# 0-1

[Event "Challenge"]
[Site "http://www.queenalice.com/game.php?id=318386"]
[Date "2007.12.11"]
[Round "-"]
[White "sue"]
[Black "inmocor1"]
[Result "0-1"]
[WhiteElo "1042"]
[BlackElo "1413"]

1. e4 e5 2. d3 Nc6 3. Nf3 d6 4. Nc3 Bg4 5. b3 Nf6 6. a4 h6 7. Be3 Nb4 8. a5 d5
9. h3 Bxf3 10. gxf3 d4 11. h4 dxc3 12. Ra4 a6 13. Bh3 Nd7 14. Rg1 Qxh4 15. Bf5
g6 16. Rxb4 Bxb4 17. d4 gxf5 18. exf5 O-O-O 19. dxe5 Nxe5 20. Qa1 Nxf3+ 21. Ke2
Nxg1+ 22. Qxg1 Rhg8 23. Qa1 Qh5+ 24. Ke1 Rg1# 0-1

[Event "Challenge"]
[Site "http://www.queenalice.com/game.php?id=324492"]
[Date "2007.12.23"]
[Round "-"]
[White "Trajan"]
[Black "sue"]
[Result "1-0"]
[WhiteElo "1642"]
[BlackElo "1024"]

1. e4 e5 2. Nf3 f6 3. Bc4 Nh6 4. h3 d6 5. c3 c5 6. d3 b6 7. Bd5 Na6 8. Bxa8 g6
9. Be3 g5 10. d4 cxd4 11. cxd4 exd4 12. Bxd4 Qe7 13. Nc3 Nb4 14. Qa4+ Kf7 15.
Qxb4 a6 16. Nd5 Qxe4+ 17. Kd2 Nf5 18. Rhe1 Qe8 19. Rxe8 Kxe8 20. Bxf6 Rg8 21.
Qxb6 Rg6 22. Qc7 Bd7 23. Re1+ Kf7 24. Qxd7+ Kg8 25. Qe6# 1-0